Biblioteka Instytutu Północnego w Olsztynie

Zrodzeni w Prusach : (Rekord nr 27049)

Szczegóły MARC
000 -Nagłówek
fixed length control field 02029nam a2200529 i 4500
001 - Nr kontrolny bibl., która utworzyła rek.
control field xx005912244
003 - Siglum bibl., której nr kontr. jest w 001
control field NUKAT
005 - Data i czas ostatniej operacji
control field 20260317122700.0
008 - Elementy pola stałej długości
fixed length control field 260317s2025 pl |000 0dpol c
020 ## - ISBN
ISBN 9788396642370
dopowiedzenie (oprawa miękka)
035 ## - Systemowy numer kontrolny
systemowy numer kontrolny (NUKAT)xx005912244
040 ## - Instytucja sporządzająca opis
Instytucja, która sporządziła opis OLSZT 008/bak
język katalgowania-trzyzn. kod pol
zasady opisu rda
Instytucja, która sporządziła rekord OLSZT 008/bak
045 2# - Okres czasu dla zawartości
czas między r. 9999 pne a nasz. czas. d1425
-- d1945
046 ## - Kod rodz. daty, data1, data2 (daty pne)
Begin/single date 2025
100 1# - Hasło główne-nazwa osobowa
Nazwa osobowa Sikorski, Jerzy
Daty biograficzne (1935- ).
rodzaj współpracy Autor
9 (RLIN) 14905
245 10 - Tytuł właściwy i oznaczenie odpow.
tytuł Zrodzeni w Prusach :
dodatek do tytułu z dziejów arystokracji wyrosłej na ziemiach krzyżackich w rezultacie wojny Polski i stanów pruskich z zakonem krzyżackim w latach 1454 -1466 /
dod. inf. ze s. tyt./ozn. odpow. Jerzy Sikorski.
246 30 - Inne formy tytułu, wariant tytułu
tytuł Z dziejów arystokracji wyrosłej na ziemiach krzyżackich w rezultacie wojny Polski i stanów pruskich z zakonem krzyżackim w latach 1454 -1466
260 ## - Adres wydawniczy
miejsce wydania, dystrybucji itp. Olsztyn :
nazwa wydawcy, dystrybutora itp. Towarzystwo Naukowe im. Wojciecha Kętrzyńskiego,
data wydania, dystrybucji itp. 2025.
300 ## - Opis fizyczny
objętość i/lub forma materiału 70, [1] strona ;
format 24 cm.
336 ## - Content Type
Term Tekst
Code txt
Source rdacontent
337 ## - Media Type
Term Bez urządzenia pośredniczącego
Code n
Source rdamedia
338 ## - Carrier Type
Term Wolumin
Code nc
Source rdacarrier
380 ## - Form of work
Form of work Książki
380 ## - Form of work
Form of work Publikacje naukowe
388 1# - TIME PERIOD OF CREATION
Time period of creation term 2001-
500 ## - Uwaga ogólna
uwaga ogólna Wydano z okazji 90. urodzin autora.
600 17 - Hasło przedmiotowe-nazwa osobowa
nazwa osobowa Sikorski, Jerzy
daty biograficzne (1935- )
źródło hasła DBN
9 (RLIN) 14905
648 #7 - SUBJECT ADDED ENTRY--CHRONOLOGICAL TERM
Chronological term 1401-1500
Source of heading or term DBN
9 (RLIN) 36030
648 #7 - SUBJECT ADDED ENTRY--CHRONOLOGICAL TERM
Chronological term 1501-1600
Source of heading or term DBN
9 (RLIN) 36032
648 #7 - SUBJECT ADDED ENTRY--CHRONOLOGICAL TERM
Chronological term 1601-1700
Source of heading or term DBN
9 (RLIN) 36034
648 #7 - SUBJECT ADDED ENTRY--CHRONOLOGICAL TERM
Chronological term 1701-1800
Source of heading or term DBN
9 (RLIN) 36035
648 #7 - SUBJECT ADDED ENTRY--CHRONOLOGICAL TERM
Chronological term 1801-1900
Source of heading or term DBN
9 (RLIN) 36037
648 #7 - SUBJECT ADDED ENTRY--CHRONOLOGICAL TERM
Chronological term 1901-2000
Source of heading or term DBN
9 (RLIN) 34996
650 #7 - Hasło przedmiotowe-nazwa pospolita
nazwa pospolita lub geogr. Arystokracja
źródło hasła DBN
9 (RLIN) 36513
650 #7 - Hasło przedmiotowe-nazwa pospolita
nazwa pospolita lub geogr. Folwark
źródło hasła DBN
9 (RLIN) 38243
650 #7 - Hasło przedmiotowe-nazwa pospolita
nazwa pospolita lub geogr. Osadnictwo
źródło hasła DBN
9 (RLIN) 36548
650 #7 - Hasło przedmiotowe-nazwa pospolita
nazwa pospolita lub geogr. Rody
źródło hasła DBN
9 (RLIN) 35884
650 #7 - Hasło przedmiotowe-nazwa pospolita
nazwa pospolita lub geogr. Struktura społeczna
źródło hasła DBN
9 (RLIN) 36569
650 #7 - Hasło przedmiotowe-nazwa pospolita
nazwa pospolita lub geogr. Szlachta
źródło hasła DBN
9 (RLIN) 35078
650 #7 - Hasło przedmiotowe-nazwa pospolita
nazwa pospolita lub geogr. Własność rolna
źródło hasła DBN
9 (RLIN) 36165
651 #7 - Hasło przedmiotowe-nazwa geogr.
nazwa geograficzna Prusy
źródło hasła DBN
9 (RLIN) 35118
655 #7 - Termin określający rodzaj/formę
rodzaj/forma Opracowanie
źródło terminu DBN
9 (RLIN) 35024
658 ## - Nazwa określająca cel programu nauczania
główny cel programu nauczania Historia
710 2# - Hasło dodatkowe - nazwa ciała zbior.
nazwa ciała zbior. lub nazwa geogr. Towarzystwo Naukowe im. Wojciecha Kętrzyńskiego (Olsztyn).
rodzaj współpracy Wydawca
kod rodzaju współpracy pbl
9 (RLIN) 8370
920 ## - ISBN
ISBN 978-83-966423-7-0 (oprawa miękka)
942 ## - ADDED ENTRY ELEMENTS (KOHA)
Source of classification or shelving scheme Dewey Decimal Classification
Koha item type pozycje dostępne na miejscu
Egzemplarze
Status wycofania Status zagubienia Klasyfikacja Status uszkodzenia Blokada wypożyczeń Kolekcja Lokalizacja macierzysta Lokalizacja bieżąca Data nabycia Numer akcesji Źródło akcesji Cena Nr inwentarzowy il. wypożyczeń Sygnatura Kod kreskowy Date last seen Price effective from Typ egz.
    Dewey Decimal Classification nieuszkodzona   książka w magazynie Biblioteka Instytutu Północnego w Olsztynie Biblioteka Instytutu Północnego w Olsztynie 12/03/2026 D-25/2026 dar 10.00 73877   73877 IPWK22082 17/03/2026 17/03/2026 pozycje dostępne na miejscu
    Dewey Decimal Classification nieuszkodzona   książka w magazynie Biblioteka Instytutu Północnego w Olsztynie Biblioteka Instytutu Północnego w Olsztynie 12/03/2026 D-25/2026 dar 10.00 73878   73878 IPWK22083 17/03/2026 17/03/2026 pozycje dostępne na miejscu
    Dewey Decimal Classification nieuszkodzona   książka w magazynie Biblioteka Instytutu Północnego w Olsztynie Biblioteka Instytutu Północnego w Olsztynie 12/03/2026 D-25/2026 dar 10.00 73879   73879 IPWK22084 17/03/2026 17/03/2026 pozycje dostępne na miejscu
Biblioteka Instytutu Północnego, ul. Partyzantów 87, 10-402 Olsztyn, email: biblioteka(at)ip.olsztyn.pl